|
|
|
|
| LEADER |
00000cam a2200000 7i4500 |
| 001 |
0000282059 |
| 005 |
20241114171802.0 |
| 006 |
m ###gq d s ##### |
| 007 |
cd# |
| 008 |
2s2017 my gq d may |
| 040 |
|
|
|a MBPJ
|b eng
|c MBPJ
|e rda
|
| 090 |
0 |
|
|a ADV 003
|
| 110 |
0 |
|
|a Majlis Bandaraya Petaling Jaya
|e issuing body
|
| 245 |
0 |
0 |
|a AGENDA MESYUARAT JAWATANKUASA KEWANGAN MBPJ .
|n BILANGAN 1 TAHUN 2017 (PENGGAL 2016/2017)
|c Majlis Bandaraya Petaling Jaya
|
| 264 |
|
0 |
|a Petaling Jaya :
|b Majlis Bandaraya Petaling Jaya
|c 2017
|
| 300 |
|
|
|a 1 DVD+RW (4.7GB 16X 120 minutes)
|
| 336 |
|
|
|a text
|2 rdacontent
|
| 337 |
|
|
|a computer
|2 rdamedia
|
| 338 |
|
|
|a computer disc
|2 rdacarrier
|
| 347 |
|
|
|a text file
|b PDF
|2 rda
|
| 500 |
|
|
|a 16 Januari 2017 (Isnin) - 9.30am; Bilik Inai Merah (IT), MBPJ
|
| 500 |
|
|
|a Dokumen terbitan MBPJ - Audio visual minit mesyuarat MBPJ -SULIT - (16/03/2017)
|
| 500 |
|
|
|a Urusetia 041/3 (Penggal 2016/2017)
|
| 999 |
|
|
|a BA0048/20
|b DOKUMEN TERBITAN MBPJ
|c KOLEKSI BAHAN ARKIB
|e PERPUSTAKAAN KOMUNITI PETALING JAYA
|